Beer Consuming Countries Quiz Stats

 Plays Quiz Updated Jan 4, 2017

Support Sporcle.
Go Orange.
Score 0/20 Timer 04:00
6 Plays Today
Rank Country % Correct
17United States
91.1%
1Czechia
89.5%
4Germany
88%
16Panama
78.5%
7Ireland
74.2%
6Poland
73.8%
9Belize
68.3%
3Austria
67.8%
13Spain
66%
19Australia
60.2%
Rank Country % Correct
20Slovakia
53.8%
11Gabon
52.7%
14Finland
51.7%
12Romania
51.1%
18Slovenia
47.5%
5Namibia
44.5%
10Estonia
43.6%
8Lithuania
43.5%
15Latvia
36.1%
2Seychelles
4.1%

You're not logged in!

Compare scores with friends on all Sporcle quizzes.
OR
Log In
Forgot?

From the Vault

Baseball Players by First Names

by Noldeh

Sports 5m
Wait? Bambino isn't his real first name?
Remove Ads.
Support Sporcle.
Get the best of Sporcle when you Go Orange. This ad-free experience offers more features, more stats, and more fun while also helping to support Sporcle. Thank you for becoming a member.

Show Comments

Extras

Top Quizzes Today


Score Distribution

Your Account Isn't Verified!

In order to create a playlist on Sporcle, you need to verify the email address you used during registration. Go to your Sporcle Settings to finish the process.

Report this User

Report this user for behavior that violates our Community Guidelines.

Details: